LEADER 00812nam0-22002891i-450- 001 990001828230403321 005 20021010 035 $a000182823 035 $aFED01000182823 035 $a(Aleph)000182823FED01 035 $a000182823 100 $a20021010d--------km-y0itay50------ba 101 0 $aita 200 1 $a<>problema degli acquedotti di Napoli$fUldarigo Masoni. 210 $aNapoli$cStabilimento Tip. Librario A. e S. Festa$d1905. 215 $a47 p.$d23 cm 610 0 $aAcquedotti 676 $a628.142 700 1$aMasoni,$bUdalrigo$01327 801 0$aIT$bUNINA$gRICA$2UNIMARC 901 $aBK 912 $a990001828230403321 952 $a60 DONO COMES 26/23$b37856$fFAGBC 959 $aFAGBC 996 $aProblema degli acquedotti di Napoli$9411612 997 $aUNINA DB $aING01 LEADER 00989cam0-22003251i-4500 001 990005867460403321 005 20170207105626.0 010 $a84-7800-095-X 035 $a000586746 035 $aFED01000586746 035 $a(Aleph)000586746FED01 035 $a000586746 100 $a20000301d1999----km-y0itay50------ba 101 0 $aspa 102 $aES 105 $ay-------001yy 200 1 $aCuento tradicional, cultura, literatura$esiglos XVI-XIX$fMaxime Chevalier 210 $aSalamanca$cUniversidad de Salamanca$d1999 215 $a248 p.$d24 cm 225 1 $aActa salmanticensia$iEstudios filológicos$v272 610 0 $aNarrativa spagnola$aRacconti$aSec. 16.-19. 676 $a863.009$v22$zita 700 1$aChevalier,$bMaxime$0131483 801 0$aIT$bUNINA$gRICA$2UNIMARC 901 $aBK 912 $a990005867460403321 952 $a863.009 CHE 1$bBibl.29287$fFLFBC 959 $aFLFBC 996 $aCuento tradicional, cultura, literatura$91469762 997 $aUNINA